000
00205nam a22000857a 4500
008
170116b xxu||||| |||| 00| 0 eng d
100
_9
2432
_a
Holy Faith
245
_a
School Atlas
260
_a
New Delhi
_b
HFI
_c
2011
999
_c
5472
_d
5472